[Event "POR-ch Amateur U2000"]
[Site "Braga"]
[Date "2018.09.09"]
[Round "5"]
[White "Demyanchuk, Sergey"]
[Black "Andrade, Ricardo Sarmento"]
[Result "1-0"]
[WhiteElo "1818"]
[BlackElo "1744"]
[PlyCount "85"]
[EventDate "2018.09.06"]
[EventType "swiss"]
[EventRounds "5"]
[EventCountry "POR"]
[SourceTitle "EXT 2024"]
[Source "ChessBase"]
[SourceDate "2023.10.10"]
[SourceVersion "1"]
[SourceVersionDate "2023.10.10"]
[SourceQuality "1"]

1. e4 c5 2. Nf3 Nc6 3. d4 cxd4 4. Nxd4 e5 5. Nxc6 bxc6 6. Bc4 Nf6 7. 0-0 Be7 8. Nc3 0-0 9. b3 Bb7 10. Bb2 d5 11. Bd3 Qc7 12. Qf3 Rad8 13. Rad1 g6 14. Bc1 dxe4 15. Nxe4 Nxe4 16. Qxe4 c5 17. Qe3 Qc6 18. Qg3 Bd6 19. Bc4 Ba6 20. Bxa6 Qxa6 21. Bh6 Rfe8 22. Qg5 Bc7 23. Qe3 c4 24. a4 cxb3 25. cxb3 Rxd1 26. Rxd1 Qe6 27. Qxa7 Bb6 28. Qd7 Qxd7 29. Rxd7 Rd8 30. Rxd8+ Bxd8 31. b4 f5 32. Be3 Kf7 33. a5 f4 34. Bb6 Ke8 35. Bc5 Kd7 36. a6 Kc8 37. b5 e4 38. Kf1 g5 39. Ke2 h5 40. b6 h4 41. h3 g4 42. hxg4 f3+ 43. Kf1 1-0

[Event "POR-ch Amateur U2000"]
[Site "Braga"]
[Date "2018.09.07"]
[Round "2"]
[White "Demyanchuk, Sergey"]
[Black "Monteiro, Jose Macedo"]
[Result "1-0"]
[WhiteElo "1818"]
[BlackElo "1889"]
[PlyCount "67"]
[EventDate "2018.09.06"]
[EventType "swiss"]
[EventRounds "5"]
[EventCountry "POR"]
[SourceTitle "EXT 2024"]
[Source "ChessBase"]
[SourceDate "2023.10.10"]
[SourceVersion "1"]
[SourceVersionDate "2023.10.10"]
[SourceQuality "1"]

1. e4 d6 2. d4 Nf6 3. Nc3 g6 4. Be2 Bg7 5. Be3 c6 6. Qd2 h6 7. h3 Qa5 8. Nf3 b5 9. e5 b4 10. exf6 bxc3 11. bxc3 Bxf6 12. 0-0 Bg7 13. Rfe1 Nd7 14. Bd3 e5 15. dxe5 dxe5 16. Be4 Qc7 17. Rad1 f5 18. Bd3 Bb7 19. Nh4 Qd6 20. Bxf5 Qxd2 21. Bxg6+ Kd8 22. Rxd2 Kc7 23. Nf5 Bf8 24. Red1 Nf6 25. c4 c5 26. Nd6 Bxg2 27. Kxg2 Rg8 28. Bxc5 Rxg6+ 29. Kf1 Kc6 30. Be3 a6 31. Nf7 Re8 32. Rd8 Bb4 33. Rxe8 Nxe8 34. Nxe5+ 1-0

[Event "Famalicao op 6th"]
[Site "Famalicao"]
[Date "2018.08.01"]
[Round "6"]
[White "Demyanchuk, Sergey"]
[Black "Padeiro, Jose Joao Tato"]
[Result "1-0"]
[WhiteElo "1782"]
[BlackElo "2284"]
[PlyCount "165"]
[EventDate "2018.07.29"]
[EventType "swiss"]
[EventRounds "9"]
[EventCountry "POR"]
[SourceTitle "CBM 185 Extra"]
[Source "ChessBase"]
[SourceDate "2018.07.29"]
[SourceVersion "1"]
[SourceVersionDate "2018.07.29"]
[SourceQuality "1"]

1. e4 c6 2. d4 d5 3. Nc3 dxe4 4. Nxe4 Nd7 5. Nf3 Ngf6 6. Nxf6+ Nxf6 7. Bc4 Bf5 8. 0-0 e6 9. Bg5 Qc7 10. Re1 Bd6 11. h3 0-0-0 12. Bd3 Bxd3 13. Qxd3 c5 14. c3 h6 15. Bxf6 gxf6 16. Qb5 a6 17. Qa4 Rhg8 18. dxc5 Bxc5 19. Nd4 Rg5 20. b4 Ba7 21. Rad1 Rdg8 22. g4 h5 23. Kg2 hxg4 24. h4 Rd5 25. b5 a5 26. Nb3 Qb6 27. Qf4 Rf5 28. Qd4 Rxf2+ 29. Kxf2 a4 30. Qxb6 Bxb6+ 31. Nd4 e5 32. Kg3 exd4 33. cxd4 Bc7+ 34. Kg2 Kd7 35. Rf1 Rg6 36. Rde1 Rh6 37. Re4 Rxh4 38. Rxf6 Rh2+ 39. Kg1 g3 40. Rxf7+ Kd6 41. Rg4 Ba5 42. Rxb7 Be1 43. Rf7 Bf2+ 44. Kf1 Rh1+ 45. Kg2 Rg1+ 46. Kf3 Rf1 47. Ke4 Re1+ 48. Kd3 Ke6 49. Rfg7 Rd1+ 50. Kc2 Ra1 51. Kb2 Rd1 52. Ka3 Bxd4 53. R7g6+ Kd5 54. Rxg3 Rd2 55. Rg2 Bc5+ 56. Kxa4 Rd3 57. R6g5+ Kd6 58. Rxc5 Kxc5 59. Rc2+ Kb6 60. Rc6+ Kb7 61. Kb4 Rd4+ 62. Rc4 Rd8 63. a4 Rh8 64. Rf4 Rg8 65. Rf7+ Ka8 66. Ka5 Rg6 67. Rc7 Rh6 68. Rc6 Rh8 69. Kb6 Kb8 70. a5 Rh7 71. a6 Rb7+ 72. Ka5 Rh7 73. b6 Rh5+ 74. Kb4 Rh8 75. Kb5 Ka8 76. Rd6 Rh5+ 77. Kc6 Rh8 78. Rd7 Rc8+ 79. Rc7 Rh8 80. Re7 Rh6+ 81. Kc7 Rh8 82. Kd7 Rc8 83. b7+ 1-0

[Event "Famalicao op 5th"]
[Site "Famalicao"]
[Date "2017.08.02"]
[Round "6"]
[White "Demyanchuk, Sergey"]
[Black "Ferreira, Hugo Miguel da Cost"]
[Result "0-1"]
[WhiteElo "1755"]
[BlackElo "2027"]
[PlyCount "92"]
[EventDate "2017.07.29"]
[EventType "swiss"]
[EventRounds "9"]
[EventCountry "POR"]
[SourceTitle "EXT 2018"]
[Source "ChessBase"]
[SourceDate "2017.10.13"]
[SourceVersion "1"]
[SourceVersionDate "2017.10.13"]
[SourceQuality "1"]

1. e4 c5 2. Nf3 a6 3. d4 cxd4 4. Nxd4 Nf6 5. Bd3 e5 6. Nf3 d5 7. exd5 Qxd5 8. 0-0 Be7 9. Nc3 Qa5 10. Bd2 Qc7 11. Re1 Nc6 12. Qe2 Bg4 13. Qe3 0-0 14. Nxe5 Nxe5 15. Qxe5 Bd6 16. Qg5 Bxh2+ 17. Kh1 Bd6 18. Ne4 Nxe4 19. Rxe4 Be6 20. Rh4 f5 21. Bc3 Qf7 22. Rh3 Qg6 23. Qxg6 hxg6 24. Re1 Bf7 25. Kg1 Bc5 26. Re5 b6 27. a3 Rfc8 28. Kf1 a5 29. Bb5 Bd6 30. Re1 Rc5 31. Bd3 Rcc8 32. Rhe3 Bc5 33. Re5 Ra7 34. Bb5 Bxa3 35. Rd1 Bc5 36. Ke2 a4 37. Rd7 Raa8 38. Kd3 a3 39. b3 Bxf2 40. Ree7 Rxc3+ 41. Kxc3 a2 42. Rxf7 a1Q+ 43. Kc4 Rc8+ 44. Kd5 Qd4+ 45. Ke6 Qe4+ 46. Kd6 Bc5# 0-1

[Event "Famalicao op 5th"]
[Site "Famalicao"]
[Date "2017.07.30"]
[Round "3"]
[White "Triunfante, Armando"]
[Black "Demyanchuk, Sergey"]
[Result "0-1"]
[WhiteElo "1226"]
[BlackElo "1755"]
[PlyCount "46"]
[EventDate "2017.07.29"]
[EventType "swiss"]
[EventRounds "9"]
[EventCountry "POR"]
[SourceTitle "EXT 2018"]
[Source "ChessBase"]
[SourceDate "2017.10.13"]
[SourceVersion "1"]
[SourceVersionDate "2017.10.13"]
[SourceQuality "1"]

1. e4 e5 2. Nf3 Nc6 3. Bb5 Nf6 4. d3 h6 5. 0-0 Bc5 6. h3 d6 7. Nc3 Bd7 8. Re1 g5 9. d4 Nxd4 10. Nxd4 Bxd4 11. Bxd7+ Qxd7 12. Nd5 Nxd5 13. exd5 0-0-0 14. c3 Bb6 15. Be3 Bxe3 16. Rxe3 f5 17. g4 f4 18. Re4 h5 19. Qf3 hxg4 20. hxg4 Rh4 21. Kf1 Rdh8 22. Ke2 Rh3 23. Qg2 Qb5+ 0-1

[Event "Gaia Profigaia op 9th"]
[Site "Vila Nova de Gaia"]
[Date "2016.06.28"]
[Round "7"]
[White "Demyanchuk, Sergey"]
[Black "Matos, Joao Guilherme Oliv"]
[Result "1-0"]
[WhiteElo "1811"]
[BlackElo "1491"]
[PlyCount "143"]
[EventDate "2016.06.24"]
[EventType "swiss"]
[EventRounds "7"]
[EventCountry "POR"]
[SourceTitle "EXT 2018"]
[Source "ChessBase"]
[SourceDate "2017.10.13"]
[SourceVersion "1"]
[SourceVersionDate "2017.10.13"]
[SourceQuality "1"]

1. d4 d5 2. Nf3 Nf6 3. c4 e6 4. Nc3 Be7 5. Bf4 0-0 6. e3 Nbd7 7. cxd5 Nxd5 8. Nxd5 exd5 9. Bd3 c6 10. 0-0 Nf6 11. a3 Bg4 12. h3 Bh5 13. Be2 Qb6 14. b4 Ne4 15. Qc2 Bg6 16. Bd3 Bd6 17. Ne5 Bxe5 18. Bxe5 Rad8 19. Rfb1 Nd6 20. Bxg6 hxg6 21. Bxd6 Rxd6 22. Qc5 Rdd8 23. a4 Ra8 24. a5 Qb5 25. Qxb5 cxb5 26. Rc1 Rac8 27. Rc5 Rxc5 28. dxc5 Re8 29. Rd1 Re4 30. Rxd5 Rxb4 31. Rd8+ Kh7 32. Rd7 Rc4 33. Rxf7 Rxc5 34. Rxb7 b4 35. Rxa7 Rb5 36. a6 b3 37. Rb7 Ra5 38. Rxb3 Rxa6 39. f4 Ra4 40. Kf2 Kg8 41. Rb7 Ra2+ 42. Kf3 Ra3 43. g4 Kh7 44. Re7 Kh6 45. g5+ Kh7 46. Rd7 Ra4 47. Rd2 Kg8 48. h4 Kf7 49. Rh2 Ke6 50. h5 gxh5 51. Rxh5 Kf5 52. e4+ Kg6 53. Rh2 Ra3+ 54. Kg4 Re3 55. f5+ Kf7 56. Kf4 Ra3 57. g6+ Kg8 58. Rc2 Kf8 59. Rc8+ Ke7 60. Rc7+ Kf8 61. Ke5 Ra5+ 62. Ke6 Ra6+ 63. Kd7 Ra8 64. e5 Re8 65. Rc8 Rxc8 66. Kxc8 Ke7 67. Kc7 Ke8 68. f6 Kf8 69. Kd7 gxf6 70. exf6 Kg8 71. Ke7 Kh8 72. f7 1-0